Lippincott's illustrated reviews : (Record no. 16782)
[ view plain ]
| 000 -LEADER | |
|---|---|
| fixed length control field | 01152cam a22003135a 4500 |
| 005 - DATE AND TIME OF LATEST TRANSACTION | |
| control field | 20161127100654.0 |
| 007 - PHYSICAL DESCRIPTION FIXED FIELD--GENERAL INFORMATION | |
| fixed length control field | ta |
| 008 - FIXED-LENGTH DATA ELEMENTS--GENERAL INFORMATION | |
| fixed length control field | 120621r2011 p a|||| |||| 001 0 eng d |
| 010 ## - LIBRARY OF CONGRESS CONTROL NUMBER | |
| LC control number | 2004557613 |
| 020 ## - INTERNATIONAL STANDARD BOOK NUMBER | |
| International Standard Book Number | 9781609139988 |
| 040 ## - CATALOGING SOURCE | |
| Original cataloging agency | EG-ScBUE |
| Language of cataloging | eng |
| Modifying agency | EG-ScBUE |
| 082 04 - DEWEY DECIMAL CLASSIFICATION NUMBER | |
| Classification number | 612.015 |
| Item number | HAR |
| Edition number | 22 |
| 100 1# - MAIN ENTRY--PERSONAL NAME | |
| Personal name | Harvey, Richard A., |
| 9 (RLIN) | 30034 |
| Titles and other words associated with a name | Ph. D. |
| 245 10 - TITLE STATEMENT | |
| Title | Lippincott's illustrated reviews : |
| Remainder of title | biochemistry / |
| Statement of responsibility, etc | Richard A. Harvey, Denise R. Ferrier. |
| 250 ## - EDITION STATEMENT | |
| Edition statement | 5th ed. |
| 260 ## - PUBLICATION, DISTRIBUTION, ETC. (IMPRINT) | |
| Place of publication, distribution, etc | Philadelphia : |
| Name of publisher, distributor, etc | Wolters Kluwer : |
| -- | Lippincott Williams & Wilkins, |
| Date of publication, distribution, etc | 2011. |
| 300 ## - PHYSICAL DESCRIPTION | |
| Extent | 520 p. : |
| Other physical details | ill. (col) ; |
| Dimensions | 28 cm. |
| 440 #0 - | |
| -- | Lippincotts' illustrated reviews |
| -- | 30184 |
| 500 ## - GENERAL NOTE | |
| General note | Index : p. 489-520. |
| 590 ## - LOCAL NOTE (RLIN) | |
| Local note | Doha |
| 650 #0 - SUBJECT ADDED ENTRY--TOPICAL TERM | |
| Topical term or geographic name as entry element | Biochemistry |
| Form subdivision | Outlines, syllabi, etc. |
| 9 (RLIN) | 30185 |
| Source of heading or term | BUEsh |
| 650 #0 - SUBJECT ADDED ENTRY--TOPICAL TERM | |
| Topical term or geographic name as entry element | Biochemistry |
| Form subdivision | Examinations, questions, etc. |
| 9 (RLIN) | 30186 |
| Source of heading or term | BUEsh |
| 650 #0 - SUBJECT ADDED ENTRY--TOPICAL TERM | |
| Topical term or geographic name as entry element | Clinical biochemistry |
| Form subdivision | Outlines, syllabi, etc. |
| 9 (RLIN) | 30187 |
| Source of heading or term | BUEsh |
| 650 #0 - SUBJECT ADDED ENTRY--TOPICAL TERM | |
| Topical term or geographic name as entry element | Clinical biochemistry |
| Form subdivision | Examinations, questions, etc. |
| 9 (RLIN) | 30188 |
| Source of heading or term | BUEsh |
| 651 ## - SUBJECT ADDED ENTRY--GEOGRAPHIC NAME | |
| Source of heading or term | BUEsh |
| 653 ## - INDEX TERM--UNCONTROLLED | |
| Arrived date list | August2015 |
| Resource For college | |
| -- | Pharmacy |
| -- | Nursing |
| 700 1# - ADDED ENTRY--PERSONAL NAME | |
| Personal name | Ferrier, Denise R. |
| 9 (RLIN) | 30039 |
| 942 ## - ADDED ENTRY ELEMENTS (KOHA) | |
| Item type | |
| Source of classification or shelving scheme | Dewey Decimal Classification |
| Withdrawn status | Item status | Source of classification or shelving scheme | Damaged status | Not for loan | Vendor | Home library | Current library | Shelving location | Date acquired | Source of acquisition | Cost, normal purchase price | Serial Enumeration / chronology | Total Checkouts | Total Renewals | Full call number | Barcode | Date last seen | Date last borrowed | Cost, replacement price | Koha item type | Checked out |
|---|---|---|---|---|---|---|---|---|---|---|---|---|---|---|---|---|---|---|---|---|---|
| Dewey Decimal Classification | Baccah | Central Library | Central Library | First floor | 06/06/2012 | Purchase | 110.00 | 15252 | 10 | 67 | 612.015 HAR | 000026795 | 15/07/2025 | 12/10/2021 | 137.50 | Book - Borrowing | |||||
| Dewey Decimal Classification | Donation-Gift | Central Library | Central Library | First floor | 06/06/2012 | Purchase | 110.00 | 15252 | 8 | 120 | 612.015 HAR | 000026796 | 15/07/2025 | 19/10/2017 | 137.50 | Book - Borrowing | |||||
| Dewey Decimal Classification | Donation-Gift | Central Library | Central Library | First floor | 21/06/2012 | Purchase | 110.00 | 3 | 1 | 612.015 HAR | 000026862 | 15/07/2025 | 21/09/2014 | 137.50 | Book - Borrowing | ||||||
| Dewey Decimal Classification | Donation-Gift | Central Library | Central Library | First floor | 21/06/2012 | Purchase | 110.00 | 8 | 27 | 612.015 HAR | 000026861 | 15/07/2025 | 09/10/2016 | 137.50 | Book - Borrowing | ||||||
| Dewey Decimal Classification | Baccah | Central Library | Central Library | First floor | 26/09/2012 | Purchase | 110.00 | 3 | 3 | 612.015 HAR | 000027408 | 15/07/2025 | 08/10/2012 | 137.50 | NB - Book (Non borrowing) | ||||||
| Dewey Decimal Classification | Baccah | Central Library | Central Library | First floor | 26/09/2012 | Purchase | 110.00 | 3 | 9 | 66 | 612.015 HAR | 000027409 | 13/10/2025 | 13/10/2025 | 137.50 | Book - Borrowing | 29/01/2026 | ||||
| Dewey Decimal Classification | Baccah | Central Library | Central Library | First floor | 26/09/2012 | Purchase | 110.00 | 3 | 5 | 21 | 612.015 HAR | 000027410 | 21/03/2013 | 21/03/2013 | 137.50 | Book - Borrowing | 14/03/2020 | ||||
| Dewey Decimal Classification | Baccah | Central Library | Central Library | First floor | 26/09/2012 | Purchase | 110.00 | 3 | 6 | 4 | 612.015 HAR | 000027411 | 15/07/2025 | 24/10/2016 | 137.50 | Book - Borrowing | |||||
| Dewey Decimal Classification | Baccah | Central Library | Central Library | First floor | 26/09/2012 | Purchase | 110.00 | 3 | 6 | 27 | 612.015 HAR | 000027412 | 15/07/2025 | 09/10/2017 | 137.50 | Book - Borrowing | |||||
| Dewey Decimal Classification | Baccah | Central Library | Central Library | First floor | 26/09/2012 | Purchase | 110.00 | 3 | 6 | 13 | 612.015 HAR | 000027413 | 14/10/2025 | 13/10/2025 | 137.50 | Book - Borrowing | |||||
| Dewey Decimal Classification | Baccah | Central Library | Central Library | First floor | 26/09/2012 | Purchase | 110.00 | 3 | 8 | 29 | 612.015 HAR | 000027414 | 15/11/2025 | 30/09/2025 | 137.50 | Book - Borrowing | |||||
| Dewey Decimal Classification | Baccah | Central Library | Central Library | First floor | 26/09/2012 | Purchase | 110.00 | 3 | 5 | 13 | 612.015 HAR | 000027415 | 15/07/2025 | 13/10/2016 | 137.50 | Book - Borrowing |